[Event "Blitz 2018"]
[Site "Saint-Petersburg"]
[Date "2018.12.30"]
[Round "20"]
[Board "59"]
[White "Huzman Alexander (ISR)"]
[Black "Bocharov Dmitry (RUS)"]
[Result "1-0"]
[LiveChessVersion "1.4.8"]
[BlackElo "2517"]
[WhiteElo "2543"]

1. d4 {[%clk 0:03:03]} d6 {[%clk 0:02:55]} 2. Nf3 {[%clk 0:03:03]} Nf6
{[%clk 0:02:55]} 3. c4 {[%clk 0:02:59]} g6 {[%clk 0:02:55]} 4. g3
{[%clk 0:03:00]} Bg7 {[%clk 0:02:55]} 5. Bg2 {[%clk 0:03:01]} O-O
{[%clk 0:02:55]} 6. O-O {[%clk 0:03:01]} Nc6 {[%clk 0:02:56]} 7. Nc3
{[%clk 0:03:01]} e5 {[%clk 0:02:56]} 8. dxe5 {[%clk 0:02:54]} dxe5
{[%clk 0:02:56]} 9. Qxd8 {[%clk 0:02:50]} Rxd8 {[%clk 0:02:57]} 10. Bg5
{[%clk 0:02:51]} Be6 {[%clk 0:02:57]} 11. Nd2 {[%clk 0:02:51]} h6
{[%clk 0:02:50]} 12. Bxf6 {[%clk 0:02:38]} Bxf6 {[%clk 0:02:50]} 13. Nd5
{[%clk 0:02:34]} Bxd5 {[%clk 0:01:37]} 14. cxd5 {[%clk 0:02:07]} Ne7
{[%clk 0:01:31]} 15. Rfd1 {[%clk 0:01:36]} Nxd5 {[%clk 0:01:13]} 16. Nc4
{[%clk 0:01:37]} c6 {[%clk 0:01:11]} 17. Na5 {[%clk 0:01:39]} Rab8
{[%clk 0:01:03]} 18. Rac1 {[%clk 0:01:40]} Bg5 {[%clk 0:00:55]} 19. e3
{[%clk 0:01:29]} h5 {[%clk 0:00:35]} 20. Bxd5 {[%clk 0:01:14]} Rxd5
{[%clk 0:00:29]} 21. Rxd5 {[%clk 0:01:07]} cxd5 {[%clk 0:00:29]} 22. Rc7
{[%clk 0:01:08]} d4 {[%clk 0:00:24]} 23. exd4 {[%clk 0:00:59]} exd4
{[%clk 0:00:25]} 24. Rd7 {[%clk 0:01:00]} Rd8 {[%clk 0:00:16]} 25. Rxd8+
{[%clk 0:00:57]} Bxd8 {[%clk 0:00:16]} 26. Nxb7 {[%clk 0:00:58]} Bb6
{[%clk 0:00:17]} 27. Kf1 {[%clk 0:00:53]} d3 {[%clk 0:00:18]} 28. f3
{[%clk 0:00:50]} Kf8 {[%clk 0:00:19]} 29. Nd6 {[%clk 0:00:51]} Ke7
{[%clk 0:00:19]} 30. Nc4 {[%clk 0:00:52]} Bd4 {[%clk 0:00:18]} 31. Ke1
{[%clk 0:00:53]} Ke6 {[%clk 0:00:12]} 32. Kd2 {[%clk 0:00:54]} Bg1
{[%clk 0:00:09]} 33. h3 {[%clk 0:00:56]} Bh2 {[%clk 0:00:05]} 34. g4
{[%clk 0:00:56]} Kd5 {[%clk 0:00:05]} 35. Kxd3 {[%clk 0:00:57]} Bf4
{[%clk 0:00:05]} 36. b4 {[%clk 0:00:53]} Bc7 {[%clk 0:00:05]} 37. a4
{[%clk 0:00:51]} a6 {[%clk 0:00:06]} 38. gxh5 {[%clk 0:00:46]} gxh5
{[%clk 0:00:07]} 39. Ne3+ {[%clk 0:00:47]} Ke5 {[%clk 0:00:07]} 40. f4+
{[%clk 0:00:49]} Ke6 {[%clk 0:00:07]} 41. Ke4 {[%clk 0:00:50]} Bd6
{[%clk 0:00:06]} 42. f5+ {[%clk 0:00:50]} Kd7 {[%clk 0:00:08]} 43. Nc2
{[%clk 0:00:47]} Kc6 {[%clk 0:00:07]} 44. Nd4+ Kd7 45. b5 {[%clk 0:00:49]} axb5
{[%clk 0:00:09]} 46. axb5 {[%clk 0:00:50]} Bc5 {[%clk 0:00:10]} 47. Kd5
{[%clk 0:00:51]} Bb6 {[%clk 0:00:11]} 48. Nf3 {[%clk 0:00:50]} Be3
{[%clk 0:00:08]} 49. Ne5+ {[%clk 0:00:43]} Ke7 {[%clk 0:00:09]} 50. Nc4
{[%clk 0:00:44]} Bf2 {[%clk 0:00:08]} 51. b6 {[%clk 0:00:41]} Kf6
{[%clk 0:00:09]} 52. b7 {[%clk 0:00:40]} Ba7 {[%clk 0:00:10]} 53. Nd6
{[%clk 0:00:41]} Bb8 {[%clk 0:00:11]} 54. Kc6 {[%clk 0:00:42]} Ke7
{[%clk 0:00:07]} 55. Ne4 {[%clk 0:00:42]} h4 {[%clk 0:00:06]} 56. Nc5
{[%clk 0:00:40]} Ba7 {[%clk 0:00:06]} 57. Nd7 {[%clk 0:00:39]} Kd8
{[%clk 0:00:05]} 58. b8=Q+ {[%clk 0:00:37]} 1-0

[Event "Blitz 2018"]
[Site "Saint-Petersburg"]
[Date "2018.12.30"]
[Round "20"]
[Board "60"]
[White "Goganov Aleksey (RUS)"]
[Black "Sokolov Andrei (LAT)"]
[Result "1-0"]
[LiveChessVersion "1.4.8"]
[BlackElo "2507"]
[WhiteElo "2539"]

1. Nf3 {[%clk 0:03:02]} c5 {[%clk 0:03:04]} 2. e3 {[%clk 0:03:02]} Nf6
{[%clk 0:03:02]} 3. b3 {[%clk 0:03:03]} g6 {[%clk 0:03:03]} 4. Bb2
{[%clk 0:03:04]} Bg7 {[%clk 0:03:04]} 5. Be2 {[%clk 0:03:04]} O-O
{[%clk 0:03:05]} 6. O-O Nc6 7. c4 {[%clk 0:03:05]} b6 {[%clk 0:02:55]} 8. Nc3
{[%clk 0:02:53]} Bb7 {[%clk 0:02:56]} 9. Rc1 {[%clk 0:02:30]} d5 {[%clk 0:02:49]}
10. Nxd5 {[%clk 0:02:29]} Nxd5 {[%clk 0:02:49]} 11. Bxg7 {[%clk 0:02:29]} Kxg7
{[%clk 0:02:46]} 12. cxd5 {[%clk 0:02:29]} Qxd5 {[%clk 0:02:47]} 13. Qc2
{[%clk 0:02:20]} Qd6 {[%clk 0:02:37]} 14. Qc3+ {[%clk 0:02:02]} Qf6
{[%clk 0:02:37]} 15. a3 {[%clk 0:02:01]} Rac8 {[%clk 0:02:28]} 16. b4
{[%clk 0:01:58]} cxb4 {[%clk 0:02:12]} 17. axb4 {[%clk 0:01:59]} Qxc3
{[%clk 0:02:04]} 18. dxc3 {[%clk 0:02:00]} Rfd8 {[%clk 0:02:05]} 19. Ra1
{[%clk 0:01:35]} a5 {[%clk 0:01:55]} 20. Rfb1 {[%clk 0:01:36]} axb4
{[%clk 0:01:49]} 21. cxb4 {[%clk 0:01:37]} Ra8 {[%clk 0:01:40]} 22. Rxa8
{[%clk 0:01:35]} Rxa8 {[%clk 0:01:42]} 23. Kf1 {[%clk 0:01:32]} Ra4
{[%clk 0:01:30]} 24. b5 {[%clk 0:01:33]} Na5 {[%clk 0:01:30]} 25. Nd4
{[%clk 0:01:30]} Ra2 {[%clk 0:01:26]} 26. Bf3 {[%clk 0:01:25]} Bxf3
{[%clk 0:01:18]} 27. gxf3 {[%clk 0:01:26]} Nc4 {[%clk 0:01:08]} 28. Rc1
{[%clk 0:01:25]} Ne5 {[%clk 0:01:04]} 29. Rc3 {[%clk 0:01:18]} Rb2
{[%clk 0:01:00]} 30. h3 {[%clk 0:01:10]} Nd7 {[%clk 0:00:58]} 31. Rc7
{[%clk 0:00:53]} e5 {[%clk 0:00:49]} 32. Nc6 {[%clk 0:00:53]} Nc5
{[%clk 0:00:37]} 33. Nxe5 {[%clk 0:00:52]} Rxb5 {[%clk 0:00:37]} 34. Rxf7+
{[%clk 0:00:52]} Kg8 {[%clk 0:00:35]} 35. Rc7 {[%clk 0:00:45]} Ne6
{[%clk 0:00:33]} 36. Rc8+ {[%clk 0:00:46]} Kg7 {[%clk 0:00:34]} 37. f4
{[%clk 0:00:45]} Rb2 {[%clk 0:00:32]} 38. Re8 {[%clk 0:00:40]} Nc5
{[%clk 0:00:30]} 39. Re7+ {[%clk 0:00:40]} Kf8 {[%clk 0:00:31]} 40. Rxh7
{[%clk 0:00:38]} Ne4 {[%clk 0:00:33]} 41. Ng4 {[%clk 0:00:38]} b5
{[%clk 0:00:33]} 42. Rb7 {[%clk 0:00:38]} b4 {[%clk 0:00:34]} 43. f3
{[%clk 0:00:33]} Nc3 {[%clk 0:00:31]} 44. e4 {[%clk 0:00:28]} b3 {[%clk 0:00:29]}
45. Ne5 {[%clk 0:00:21]} Nd1 {[%clk 0:00:27]} 46. Nxg6+ {[%clk 0:00:20]} Ke8
{[%clk 0:00:29]} 47. f5 {[%clk 0:00:21]} Ne3+ {[%clk 0:00:26]} 48. Kg1
{[%clk 0:00:22]} Rg2+ {[%clk 0:00:21]} 49. Kh1 {[%clk 0:00:23]} b2
{[%clk 0:00:22]} 50. h4 {[%clk 0:00:18]} Rc2 {[%clk 0:00:13]} 51. f6
{[%clk 0:00:19]} 1-0

[Event "Blitz 2018"]
[Site "Saint-Petersburg"]
[Date "2018.12.30"]
[Round "20"]
[Board "61"]
[White "Zhigalko Andrey (BLR)"]
[Black "Levin Evgeny A. (RUS)"]
[Result "0-1"]
[LiveChessVersion "1.4.8"]
[BlackElo "2539"]
[WhiteElo "2493"]

1. e4 {[%clk 0:03:03]} Nf6 {[%clk 0:03:03]} 2. e5 {[%clk 0:03:05]} Nd5
{[%clk 0:03:04]} 3. d4 {[%clk 0:03:06]} d6 {[%clk 0:03:05]} 4. Nf3
{[%clk 0:03:07]} dxe5 {[%clk 0:03:06]} 5. Nxe5 {[%clk 0:03:08]} c6
{[%clk 0:03:07]} 6. Be2 {[%clk 0:03:09]} Bf5 {[%clk 0:03:06]} 7. O-O
{[%clk 0:03:09]} Nd7 {[%clk 0:03:07]} 8. Nf3 {[%clk 0:03:10]} e6 {[%clk 0:03:07]}
9. c4 {[%clk 0:03:11]} N5f6 {[%clk 0:03:06]} 10. Nh4 {[%clk 0:03:08]} Bxb1
{[%clk 0:02:56]} 11. Rxb1 {[%clk 0:03:09]} Bd6 {[%clk 0:02:57]} 12. Qc2
{[%clk 0:02:49]} O-O {[%clk 0:02:52]} 13. b4 {[%clk 0:02:47]} Re8
{[%clk 0:02:44]} 14. Rd1 {[%clk 0:02:34]} a6 {[%clk 0:01:55]} 15. g3
{[%clk 0:02:28]} b5 {[%clk 0:01:51]} 16. Bf3 {[%clk 0:01:50]} Rc8
{[%clk 0:01:52]} 17. c5 {[%clk 0:01:36]} Be7 {[%clk 0:01:21]} 18. a4
{[%clk 0:01:17]} g6 {[%clk 0:01:11]} 19. Bg2 {[%clk 0:01:09]} Nd5
{[%clk 0:01:10]} 20. Nf3 {[%clk 0:01:10]} Qc7 {[%clk 0:01:07]} 21. Ne1
{[%clk 0:00:33]} Bf6 {[%clk 0:00:57]} 22. Bxd5 {[%clk 0:00:31]} exd5
{[%clk 0:00:55]} 23. Bf4 {[%clk 0:00:30]} Qb7 {[%clk 0:00:55]} 24. Nf3
{[%clk 0:00:19]} Re4 {[%clk 0:00:52]} 25. Re1 {[%clk 0:00:11]} Rce8
{[%clk 0:00:51]} 26. Rxe4 {[%clk 0:00:10]} Rxe4 {[%clk 0:00:48]} 27. axb5
{[%clk 0:00:08]} axb5 {[%clk 0:00:38]} 28. Qb2 {[%clk 0:00:04]} Nf8
{[%clk 0:00:34]} 29. Be5 {[%clk 0:00:03]} Bxe5 {[%clk 0:00:33]} 30. Nxe5
{[%clk 0:00:03]} Ne6 {[%clk 0:00:33]} 31. Nf3 {[%clk 0:00:04]} Qe7
{[%clk 0:00:30]} 32. Ra1 {[%clk 0:00:05]} Qf6 {[%clk 0:00:29]} 33. Kg2
{[%clk 0:00:03]} Nxd4 {[%clk 0:00:23]} 34. Ra3 {[%clk 0:00:04]} Kg7
{[%clk 0:00:21]} 35. Nxd4 {[%clk 0:00:04]} Qxd4 {[%clk 0:00:09]} 36. Qxd4+
{[%clk 0:00:05]} Rxd4 {[%clk 0:00:10]} 37. Ra6 {[%clk 0:00:06]} Rxb4
{[%clk 0:00:11]} 38. Rxc6 {[%clk 0:00:07]} Rc4 {[%clk 0:00:10]} 39. h4
{[%clk 0:00:06]} h5 {[%clk 0:00:11]} 40. Kf3 {[%clk 0:00:07]} b4 {[%clk 0:00:08]}
41. Ke3 {[%clk 0:00:05]} b3 {[%clk 0:00:09]} 42. Rb6 {[%clk 0:00:05]} Rxc5
{[%clk 0:00:09]} 43. Rxb3 {[%clk 0:00:06]} Rc6 {[%clk 0:00:05]} 44. Kd4
{[%clk 0:00:06]} Rf6 {[%clk 0:00:05]} 45. f4 {[%clk 0:00:06]} Rd6
{[%clk 0:00:06]} 46. Rb5 {[%clk 0:00:07]} Kf6 {[%clk 0:00:06]} 47. Rb6 Ke5+ 0-1

[Event "Blitz 2018"]
[Site "Saint-Petersburg"]
[Date "2018.12.30"]
[Round "20"]
[Board "62"]
[White "Dzhumagaliev Yan (RUS)"]
[Black "Maslak Konstantin (RUS)"]
[Result "0-1"]
[LiveChessVersion "1.4.8"]
[BlackElo "2537"]
[WhiteElo "2489"]

1. Nf3 {[%clk 0:03:03]} d6 {[%clk 0:03:02]} 2. d4 {[%clk 0:03:03]} Bg4
{[%clk 0:03:02]} 3. c4 {[%clk 0:02:57]} Nd7 {[%clk 0:03:04]} 4. Qb3
{[%clk 0:02:56]} Rb8 {[%clk 0:03:04]} 5. g3 {[%clk 0:02:53]} Bxf3
{[%clk 0:02:56]} 6. Qxf3 {[%clk 0:02:52]} g6 {[%clk 0:02:54]} 7. h4
{[%clk 0:02:48]} h5 {[%clk 0:02:45]} 8. Nc3 {[%clk 0:02:43]} Bg7 {[%clk 0:02:45]}
9. Qd3 {[%clk 0:02:42]} c5 {[%clk 0:02:06]} 10. d5 {[%clk 0:02:02]} a6
{[%clk 0:02:08]} 11. e4 {[%clk 0:01:49]} Ngf6 {[%clk 0:01:59]} 12. a4
{[%clk 0:01:46]} Ne5 {[%clk 0:01:55]} 13. Qd1 {[%clk 0:01:45]} Qa5
{[%clk 0:01:35]} 14. Bd3 {[%clk 0:01:17]} Nfg4 {[%clk 0:01:14]} 15. O-O
{[%clk 0:01:10]} Nxd3 {[%clk 0:00:24]} 16. Qxd3 {[%clk 0:01:11]} Ne5
{[%clk 0:00:26]} 17. Qe2 {[%clk 0:01:13]} Qb4 {[%clk 0:00:27]} 18. a5
{[%clk 0:01:14]} Qxc4 {[%clk 0:00:21]} 19. Qd1 {[%clk 0:00:56]} O-O
{[%clk 0:00:10]} 20. Bg5 {[%clk 0:00:47]} Rfe8 {[%clk 0:00:08]} 21. Bf4
{[%clk 0:00:44]} Nd3 {[%clk 0:00:09]} 22. Ra4 {[%clk 0:00:39]} Nb4
{[%clk 0:00:08]} 23. Qd2 {[%clk 0:00:28]} Qd3 24. Qc1 b5 {[%clk 0:00:06]} 25.
axb6 {[%clk 0:00:30]} Rxb6 {[%clk 0:00:07]} 26. Bh6 {[%clk 0:00:25]} Qf3
{[%clk 0:00:08]} 27. Bxg7 {[%clk 0:00:16]} Kxg7 {[%clk 0:00:09]} 28. Qd1
{[%clk 0:00:18]} Qxd1 {[%clk 0:00:09]} 29. Rxd1 {[%clk 0:00:19]} Reb8
{[%clk 0:00:09]} 30. Rd2 {[%clk 0:00:18]} Kf8 {[%clk 0:00:08]} 31. f4
{[%clk 0:00:19]} Ke8 {[%clk 0:00:07]} 32. e5 {[%clk 0:00:17]} Kd7
{[%clk 0:00:07]} 33. Kg2 {[%clk 0:00:17]} c4 {[%clk 0:00:09]} 34. Kf3
{[%clk 0:00:16]} Nd3 {[%clk 0:00:09]} 35. Rxc4 {[%clk 0:00:16]} Nxb2
{[%clk 0:00:10]} 36. Rc6 {[%clk 0:00:08]} Rxc6 {[%clk 0:00:09]} 37. dxc6+
{[%clk 0:00:10]} Kxc6 {[%clk 0:00:10]} 38. Nd5 {[%clk 0:00:10]} Rb7
{[%clk 0:00:07]} 39. exd6 exd6 {[%clk 0:00:07]} 40. Nf6 {[%clk 0:00:07]} Nc4
{[%clk 0:00:07]} 41. Rd4 {[%clk 0:00:07]} Kc5 {[%clk 0:00:07]} 42. Rd5+ Kc6 43.
Rd4 {[%clk 0:00:09]} Rb3+ {[%clk 0:00:09]} 44. Kf2 {[%clk 0:00:09]} Nb6
{[%clk 0:00:07]} 45. Ne4 {[%clk 0:00:09]} d5 {[%clk 0:00:08]} 46. Ng5
{[%clk 0:00:10]} f5 {[%clk 0:00:08]} 47. Nf7 {[%clk 0:00:08]} Kc5
{[%clk 0:00:09]} 48. Rd1 {[%clk 0:00:09]} Rb2+ {[%clk 0:00:10]} 49. Kf3
{[%clk 0:00:09]} Rb3+ {[%clk 0:00:11]} 50. Kf2 {[%clk 0:00:11]} Nc4
{[%clk 0:00:12]} 51. Re1 {[%clk 0:00:10]} a5 {[%clk 0:00:13]} 52. Re6
{[%clk 0:00:10]} a4 {[%clk 0:00:14]} 53. Rxg6 {[%clk 0:00:11]} a3
{[%clk 0:00:15]} 54. Ra6 {[%clk 0:00:12]} Rb2+ {[%clk 0:00:12]} 55. Kf3
{[%clk 0:00:13]} a2 {[%clk 0:00:10]} 56. Ne5 {[%clk 0:00:13]} Nd2+
{[%clk 0:00:11]} 57. Ke3 {[%clk 0:00:13]} Kb5 {[%clk 0:00:09]} 58. Ra8
{[%clk 0:00:13]} Nb3 {[%clk 0:00:09]} 59. Rb8+ {[%clk 0:00:13]} Ka6
{[%clk 0:00:09]} 60. Nc6 {[%clk 0:00:11]} a1=Q {[%clk 0:00:06]} 61. Nb4+
{[%clk 0:00:13]} Ka5 {[%clk 0:00:07]} 62. Nc6+ {[%clk 0:00:14]} Ka4
{[%clk 0:00:08]} 63. Ra8+ {[%clk 0:00:10]} Kb5 {[%clk 0:00:09]} 64. Rxa1
{[%clk 0:00:09]} Nxa1 {[%clk 0:00:10]} 65. Nd4+ {[%clk 0:00:11]} Kc4
{[%clk 0:00:10]} 66. Nxf5 {[%clk 0:00:12]} Nc2+ {[%clk 0:00:11]} 67. Kf3
{[%clk 0:00:09]} Nd4+ {[%clk 0:00:12]} 68. Nxd4 {[%clk 0:00:10]} Kxd4
{[%clk 0:00:13]} 69. g4 {[%clk 0:00:10]} Rb3+ {[%clk 0:00:14]} 70. Kf2
{[%clk 0:00:11]} hxg4 {[%clk 0:00:15]} 71. h5 {[%clk 0:00:13]} Rh3
{[%clk 0:00:16]} 72. h6 {[%clk 0:00:14]} Rxh6 {[%clk 0:00:17]} 0-1

[Event "Blitz 2018"]
[Site "Saint-Petersburg"]
[Date "2018.12.30"]
[Round "20"]
[Board "63"]
[White "Kevlishvili Robby (NED)"]
[Black "Drygalov Sergey (RUS)"]
[Result "0-1"]
[LiveChessVersion "1.4.8"]
[BlackElo "2428"]
[WhiteElo "2530"]

1. e4 {[%clk 0:03:02]} c5 {[%clk 0:03:03]} 2. Nf3 d6 3. d4 {[%clk 0:03:04]} cxd4
{[%clk 0:03:06]} 4. Nxd4 {[%clk 0:03:05]} Nf6 {[%clk 0:03:07]} 5. Nc3
{[%clk 0:03:06]} a6 {[%clk 0:03:09]} 6. Bc4 {[%clk 0:03:07]} e6 {[%clk 0:03:07]}
7. Bb3 {[%clk 0:03:08]} Nbd7 {[%clk 0:03:08]} 8. Bg5 {[%clk 0:03:00]} Nc5
{[%clk 0:03:09]} 9. Qe2 {[%clk 0:02:58]} Be7 {[%clk 0:03:03]} 10. f4
{[%clk 0:02:54]} Nxb3 {[%clk 0:02:10]} 11. axb3 {[%clk 0:02:53]} O-O
{[%clk 0:01:43]} 12. O-O-O {[%clk 0:02:51]} Qa5 {[%clk 0:01:24]} 13. Kb1
{[%clk 0:02:51]} e5 {[%clk 0:01:14]} 14. Nf5 {[%clk 0:02:40]} Bxf5
{[%clk 0:00:58]} 15. exf5 {[%clk 0:02:41]} Rfe8 {[%clk 0:00:48]} 16. fxe5
{[%clk 0:02:29]} Qxe5 {[%clk 0:00:38]} 17. Qf3 {[%clk 0:02:29]} h6
{[%clk 0:00:25]} 18. Bh4 {[%clk 0:02:17]} Qc5 {[%clk 0:00:21]} 19. g4
{[%clk 0:02:00]} Qc6 {[%clk 0:00:21]} 20. Qf4 {[%clk 0:01:51]} d5
{[%clk 0:00:20]} 21. Bxf6 {[%clk 0:01:24]} Bxf6 {[%clk 0:00:20]} 22. Nxd5
{[%clk 0:01:24]} Be5 {[%clk 0:00:21]} 23. Qf2 {[%clk 0:01:23]} Kh7
{[%clk 0:00:15]} 24. h4 Rad8 25. c4 {[%clk 0:01:21]} b5 {[%clk 0:00:18]} 26. Qc2
{[%clk 0:01:17]} bxc4 {[%clk 0:00:17]} 27. Qxc4 {[%clk 0:01:02]} Qb7
{[%clk 0:00:19]} 28. g5 {[%clk 0:01:00]} Rb8 {[%clk 0:00:16]} 29. Ka2
{[%clk 0:00:50]} a5 {[%clk 0:00:17]} 30. f6 {[%clk 0:00:42]} a4 {[%clk 0:00:18]}
31. b4 {[%clk 0:00:44]} Qc8 {[%clk 0:00:09]} 32. Qd3+ {[%clk 0:00:41]} Kg8
{[%clk 0:00:09]} 33. gxh6 {[%clk 0:00:33]} Qe6 {[%clk 0:00:10]} 34. fxg7
{[%clk 0:00:26]} Rxb4 {[%clk 0:00:11]} 35. Rd2 {[%clk 0:00:10]} Reb8
{[%clk 0:00:12]} 36. Rb1 {[%clk 0:00:07]} Rd4 {[%clk 0:00:11]} 37. h7+
{[%clk 0:00:03]} Kxg7 {[%clk 0:00:12]} 38. Rg2+ {[%clk 0:00:04]} Kh8
{[%clk 0:00:12]} 39. Rg8+ {[%clk 0:00:04]} Rxg8 {[%clk 0:00:13]} 40. hxg8=Q+
{[%clk 0:00:04]} Kxg8 {[%clk 0:00:14]} 41. Rg1+ {[%clk 0:00:04]} Kh8
{[%clk 0:00:15]} 42. Qf1 {[%clk 0:00:00]} Qxd5+ {[%clk 0:00:15]} 0-1

[Event "Blitz 2018"]
[Site "Saint-Petersburg"]
[Date "2018.12.30"]
[Round "20"]
[Board "64"]
[White "Tukhaev Adam (UKR)"]
[Black "Shinkevich Vitaly (RUS)"]
[Result "0-1"]
[LiveChessVersion "1.4.8"]
[BlackElo "2445"]
[WhiteElo "2529"]

1. e4 {[%clk 0:03:02]} c5 {[%clk 0:03:03]} 2. Nf3 {[%clk 0:03:03]} d6
{[%clk 0:03:04]} 3. d4 {[%clk 0:03:03]} cxd4 {[%clk 0:03:05]} 4. Nxd4
{[%clk 0:03:03]} Nf6 {[%clk 0:03:06]} 5. Nc3 {[%clk 0:03:04]} g6 {[%clk 0:03:07]}
6. Be3 {[%clk 0:03:03]} Bg7 {[%clk 0:03:08]} 7. f3 {[%clk 0:03:04]} O-O
{[%clk 0:03:09]} 8. Qd2 {[%clk 0:03:02]} Nc6 {[%clk 0:03:10]} 9. O-O-O
{[%clk 0:03:02]} d5 {[%clk 0:03:11]} 10. Qe1 {[%clk 0:03:03]} e6 {[%clk 0:03:10]}
11. h4 {[%clk 0:02:50]} Qe7 {[%clk 0:03:09]} 12. exd5 {[%clk 0:02:42]} exd5
{[%clk 0:03:03]} 13. Qd2 {[%clk 0:02:29]} Be6 {[%clk 0:02:58]} 14. g4
{[%clk 0:02:00]} Rfe8 {[%clk 0:02:54]} 15. Bf2 {[%clk 0:01:40]} Rac8
{[%clk 0:02:53]} 16. h5 {[%clk 0:01:41]} a6 {[%clk 0:02:35]} 17. hxg6
{[%clk 0:01:42]} hxg6 {[%clk 0:02:34]} 18. Kb1 {[%clk 0:01:40]} Qd6
{[%clk 0:01:46]} 19. Nce2 {[%clk 0:01:25]} Nd7 {[%clk 0:01:41]} 20. Nxc6
{[%clk 0:01:18]} bxc6 {[%clk 0:01:41]} 21. Bd4 {[%clk 0:01:19]} Ne5
{[%clk 0:01:40]} 22. Qf4 {[%clk 0:00:20]} c5 {[%clk 0:01:39]} 23. Bc3
{[%clk 0:00:22]} d4 {[%clk 0:01:39]} 24. b3 {[%clk 0:00:23]} Qc6 {[%clk 0:01:26]}
25. Bb2 {[%clk 0:00:24]} Qxf3 {[%clk 0:01:26]} 26. Qh2 {[%clk 0:00:25]} Nxg4
{[%clk 0:01:15]} 27. Qh7+ Kf8 28. Rh3 {[%clk 0:00:17]} Qf2 {[%clk 0:00:53]} 29.
Nc1 {[%clk 0:00:04]} Ne3 {[%clk 0:00:46]} 30. Rxe3 {[%clk 0:00:05]} Qxe3
{[%clk 0:00:46]} 31. Qh2 {[%clk 0:00:06]} Bf5 {[%clk 0:00:43]} 32. Bd3
{[%clk 0:00:04]} Bxd3 {[%clk 0:00:38]} 33. Nxd3 {[%clk 0:00:05]} Qe2
{[%clk 0:00:38]} 34. Qd6+ {[%clk 0:00:06]} Kg8 {[%clk 0:00:39]} 35. Rc1
{[%clk 0:00:05]} c4 {[%clk 0:00:37]} 36. bxc4 {[%clk 0:00:06]} Rxc4
{[%clk 0:00:38]} 37. Qxa6 {[%clk 0:00:08]} Rec8 {[%clk 0:00:38]} 38. Nb4
{[%clk 0:00:06]} d3 {[%clk 0:00:34]} 39. Bxg7 {[%clk 0:00:06]} Rxb4+ 40. Ka1
{[%clk 0:00:08]} Kxg7 {[%clk 0:00:31]} 41. Qxc8 {[%clk 0:00:09]} d2
{[%clk 0:00:28]} 42. Qc3+ {[%clk 0:00:08]} Kg8 {[%clk 0:00:13]} 43. Qc8+
{[%clk 0:00:10]} Kg7 44. Qc3+ {[%clk 0:00:09]} Kg8 {[%clk 0:00:08]} 45. Qc8+
{[%clk 0:00:10]} Kg7 {[%clk 0:00:07]} 46. Qc3+ {[%clk 0:00:12]} f6
{[%clk 0:00:05]} 47. Qc7+ {[%clk 0:00:13]} Kh6 {[%clk 0:00:06]} 48. Rh1+
{[%clk 0:00:14]} Kg5 {[%clk 0:00:07]} 49. Rg1+ {[%clk 0:00:04]} Rg4
{[%clk 0:00:08]} 50. Qc5+ {[%clk 0:00:05]} f5 {[%clk 0:00:07]} 51. Rxg4+
{[%clk 0:00:04]} Kxg4 {[%clk 0:00:08]} 52. Qg1+ {[%clk 0:00:05]} Kh5
{[%clk 0:00:09]} 53. Qh1+ {[%clk 0:00:06]} Kg5 {[%clk 0:00:11]} 54. Qg1+
{[%clk 0:00:07]} Kh6 {[%clk 0:00:12]} 55. Qh1+ {[%clk 0:00:07]} Kg7
{[%clk 0:00:13]} 56. Qb7+ {[%clk 0:00:09]} Kh6 {[%clk 0:00:14]} 57. Qh1+
{[%clk 0:00:10]} Kg5 {[%clk 0:00:16]} 58. Qg1+ {[%clk 0:00:11]} Kf4
{[%clk 0:00:16]} 59. Qd4+ {[%clk 0:00:12]} Kf3 {[%clk 0:00:16]} 60. Qd5+
{[%clk 0:00:12]} Kg3 {[%clk 0:00:15]} 61. Qd6+ {[%clk 0:00:14]} Kf3
{[%clk 0:00:14]} 62. Qd5+ {[%clk 0:00:15]} Kg4 {[%clk 0:00:12]} 63. Qd4+
{[%clk 0:00:15]} f4 64. Qg1+ {[%clk 0:00:14]} Kf3 65. Qh1+ Qg2 {[%clk 0:00:11]}
66. Qd1+ {[%clk 0:00:17]} Ke3 67. Kb2 f3 {[%clk 0:00:05]} 68. Kc3
{[%clk 0:00:20]} Qe2 {[%clk 0:00:04]} 69. Qg1+ {[%clk 0:00:21]} f2
{[%clk 0:00:03]} 70. Qg5+ {[%clk 0:00:22]} Kf3 {[%clk 0:00:04]} 71. Qf6+
{[%clk 0:00:21]} Kg2 {[%clk 0:00:04]} 72. Qxg6+ {[%clk 0:00:22]} Kh3
{[%clk 0:00:05]} 73. Qh6+ {[%clk 0:00:23]} Kg3 {[%clk 0:00:06]} 74. Qg5+
{[%clk 0:00:23]} Qg4 {[%clk 0:00:07]} 75. Qe5+ {[%clk 0:00:24]} Qf4
{[%clk 0:00:09]} 76. Qg7+ {[%clk 0:00:25]} Kf3 {[%clk 0:00:10]} 77. Qb7+
{[%clk 0:00:26]} Ke2 {[%clk 0:00:11]} 78. Qb5+ {[%clk 0:00:24]} Ke1
{[%clk 0:00:10]} 79. Qd5 {[%clk 0:00:23]} d1=Q {[%clk 0:00:08]} 80. Qh1+
{[%clk 0:00:24]} f1=Q {[%clk 0:00:06]} 81. Qe4+ {[%clk 0:00:22]} Qxe4
{[%clk 0:00:04]} 82. Kd4 0-1